Developing corporate social responsibility (Record no. 532422)

MARC details
000 -LEADER
fixed length control field 00946nam a2200277Ia 4500
003 - CONTROL NUMBER IDENTIFIER
control field OSt
005 - DATE AND TIME OF LATEST TRANSACTION
control field 20220925195254.0
008 - FIXED-LENGTH DATA ELEMENTS--GENERAL INFORMATION
fixed length control field 220923b |||||||| |||| 00| 0 eng d
020 ## - INTERNATIONAL STANDARD BOOK NUMBER
International Standard Book Number 9781845427825
037 ## - SOURCE OF ACQUISITION
Terms of availability General Book
040 ## - CATALOGING SOURCE
Original cataloging agency RTL
Transcribing agency RTL
Language of cataloging eng
041 ## - LANGUAGE CODE
Source of code eng
Language code of text/sound track or separate title eng
100 ## - MAIN ENTRY--PERSONAL NAME
Personal name PERRINI Francesco
245 #0 - TITLE STATEMENT
Title Developing corporate social responsibility
Remainder of title A European perspective
260 ## - PUBLICATION, DISTRIBUTION, ETC.
Place of publication, distribution, etc. Cheltenham
Name of publisher, distributor, etc. Edward Elgar
Date of publication, distribution, etc. 2006
300 ## - PHYSICAL DESCRIPTION
Extent xviii,250p.
Dimensions cm.
500 ## - GENERAL NOTE
General note Appendix chapterwise
650 ## - SUBJECT ADDED ENTRY--TOPICAL TERM
Topical term or geographic name entry element Commerce
700 ## - ADDED ENTRY--PERSONAL NAME
Personal name POGUTZ Stefano
9 (RLIN) 254016
700 ## - ADDED ENTRY--PERSONAL NAME
Personal name TENCATI Antonoi
9 (RLIN) 254017
942 ## - ADDED ENTRY ELEMENTS (KOHA)
Classification part XM5:8:(Y:33), P6
Koha item type General Books
Source of classification or shelving scheme Colon Classification (CC)

No items available.

Copyright @ Delhi University Library System